Tribunale di Primo Grado delle Comunit ̉Europee

Detalles Bibliográficos
Nuevo Título:Tribunale dell'Unione europea
Formato: eBook
Publicado: Barcelona : vLex
Materias:
Acceso en línea:Acceso restringido

MARC

LEADER 00000nam a22000007a 4500
005 20120223135414.0
007 cr|||| ||||
008 120223d19972009sp |||| s||||i0|||b1it d
035 |a 1690 
040 |a vLex 
090 |c 3033  |d 3033 
245 0 0 |a Tribunale di Primo Grado delle Comunit ̉Europee  |h [Recurs electrṇic]  
256 |a Servei en linia 
260 |a Barcelona :  |b vLex 
300 |a 1 recurs electrṇic 
500 |a Aquesta font cont ̌les sentn̈cies del Tribunale di Primo Grado delle Comunit ̉Europee fins el 30/11/2009. Les sentn̈cies posteriors a aquesta data es troben sota l'encapȧlament Tribunale dell'Unione europea 
506 1 |a Contingut disponible en els productes indicats  |d vLex Global   |d vLex Global (Academic Edition, excluding Law Schools)   |d vLex Global (U.S. Academic Edition, Law Schools)   |d vLex Global (U.S. Academic Edition, excluding Law Schools)   |d vLex Global (Academic Edition, Law Schools)  
610 2 |a Tribunale di Primo Grado delle Comunit ̉Europee 
650 0 4 |a Tribunale di Primo Grado delle Comunit ̉Europee  |x Jurisprudn̈cia 
650 0 4 |a Sentn̈cies 
740 0 |a vLex Jurisprudn̈cia (Servei en linia) 
785 0 |a Tribunale dell'Unione europea  |w 6020 
856 4 0 |u http://vlex.com/source/tribunale-primo-grado-comunita-europee-1690  |z Acceso restringido 
942 |c TR 
999 0 |a Jurisprudence  |b European Union countries